|
|
|
|
| LEADER |
01436nam a2200361 i 4500 |
| 001 |
39464 |
| 003 |
BD-DhAAL |
| 008 |
220825t2017 bg b b 000 0 eng d |
| 999 |
|
|
|c 44696
|d 44696
|
| 010 |
|
|
|a 2017324046
|
| 020 |
|
|
|a 9789845062466
|
| 025 |
|
|
|a B-E-2017324046; 26; 27
|
| 037 |
|
|
|b Library of Congress -- New Delhi Overseas Office
|
| 040 |
|
|
|a DLC
|b eng
|e rda
|c DLC
|d DLC
|d BD-DhAAL
|
| 042 |
|
|
|a lcode
|a pcc
|
| 043 |
|
|
|a a-bg---
|
| 050 |
0 |
0 |
|a HQ1075.5.B3
|b G46 2017
|
| 082 |
|
|
|a 333.3
|
| 245 |
0 |
0 |
|a Gendered lives, livelihood and transformation :
|b the Bangladesh context /
|c edited by Meghna Guhathakurta, Ayesha Banu.
|
| 264 |
|
1 |
|a Dhaka, Bangladesh :
|b University Press Limited,
|c c2017.
|
| 300 |
|
|
|a xiv, 183 pages :
|b map (black and white) ;
|c 23 cm.
|
| 504 |
|
|
|a Includes bibliographical references.
|
| 526 |
|
|
|a GenEd
|
| 541 |
|
|
|a Book Finder International
|e 39464
|
| 650 |
|
0 |
|a Sex role
|z Bangladesh.
|9 51097
|
| 650 |
|
0 |
|a Women
|z Bangladesh
|x Social conditions.
|9 51098
|
| 650 |
|
0 |
|a Feminist theory
|z Bangladesh.
|9 51099
|
| 650 |
|
0 |
|a Feminism
|z Bangladesh.
|9 51100
|
| 700 |
1 |
|
|a Guhathakurta, Meghna,
|e editor.
|9 51101
|
| 700 |
1 |
|
|a Banu, Ayesha,
|e editor.
|9 51102
|
| 852 |
|
|
|a Savar Campus Library
|c General Stacks
|
| 942 |
|
|
|2 ddc
|c BK
|
| 952 |
|
|
|0 0
|1 0
|2 ddc
|4 0
|6 333_300000000000000_GEN
|7 0
|9 71514
|a SCL
|b SCL
|c GEN
|d 2022-08-03
|e Book Finder International
|g 611.37
|l 0
|o 333.3 GEN
|p 3020039464
|r 2022-08-03
|t 1
|v 0.00
|w 2022-08-03
|y BK
|